01381cam a2200421 i 450000100090000000300040000900500170001300800410003001000170007102000240008802000210011203500130013303500200014604000280016604200080019405000230020206000110022508200170023624501380025325000200039126400570041126400110046830000470047933600210052633700250054733800230057250400510059565000290064665000270067565000370070265000250073965000300076465000280079465000200082265000270084270000310086970000590090018514595OSt20260428164716.0150303t20162016maua b 001 0 eng  a 2015008690 a9781284066272qpbk. a1284066274qpbk. a18514595 a(DNLM)101653101 aDNLM/DLCcDLCerdadOGU apcc00aRT86.5b.C376 201610aWY 10600a362.17/322300aCaring for the vulnerable :bperspectives in nursing theory, practice, and research cedited by Mary de Chesnay, Barbara A. Anderson. aFourth edition. 1aBurlington, MA :bJones & Bartlett Learning,c[2016] 4c©2016 axxiii, 616 pages :billustrations ;c23 cm atext2rdacontent aunmediated2rdamedia avolume2rdacarrier aIncludes bibliographical references and index. 0aNursingxSocial aspects. 0aTranscultural nursing. 0aNursingvCross-cultural studies. 0aNursingxPhilosophy.12aCommunity Health Nursing.12aVulnerable Populations.22aNursing Theory.22aTranscultural Nursing.1 aDe Chesnay, Mary,eeditor.1 aAnderson, Barbara A.q(Barbara Alice),d1944-eeditor.